000 00275nam a22001337a 4500
003 SGT
082 _a616.5
_bP14B
100 _aBEHL, P.N.
245 _aPRACTICE OF DERMATOLOGY
260 _aINDIA
_bCBS
_c2014
300 _a500
650 _aDERMATOLOGY
942 _2ddc
_cBK
999 _c14625
_d14625